Buffalo Bills 53 Man Roster 2021 - Statistics

General Stats
  • This quiz has been taken 56 times
    52 since last reset
  • The average score is 26 of 53
Answer Stats
Hint Answer % Correct
QB Josh Allen
100%
WR Stefon Diggs
93%
TE Dawson Knox
89%
RB Devin Singletary
89%
RB Zack Moss
84%
CB Tre'Davious White
82%
WR Cole Beasley
80%
K Tyler Bass
80%
QB Michell Trubisky
77%
S Jordan Poyer
75%
S Micah Hyde
73%
WR Gabriel Davis
70%
LB Matt Milano
70%
LB Tremaine Edmunds
70%
OL Dion Dawkins
68%
DL Ed Oliver
64%
OL Mitch Morse
61%
WR Emmanuel Sanders
59%
S Jaquan Johnson
59%
CB Taron Johnson
59%
FB Reggie Gilliam
55%
CB Dane Jackson
50%
OL Daryl Williams
50%
DL Greg Rousseau
50%
WR Isiah McKenzie
50%
OL Spencer Brown
48%
P Matt Haack
45%
LB Andre Smith
43%
DL Harrison Phillips
43%
TE Tommy Sweeney
43%
RB Matt Breida
41%
WR Jake Kumerow
39%
DL Jerry Hughes
39%
DL AJ Epenesa
36%
LB AJ Klein
36%
S Damar Hamlin
36%
OL Jon Feliciano
34%
DL Mario Addison
32%
CB Siran Neal
32%
DL Boogie Basham
30%
OL Ryan Bates
30%
OL Tommy Doyle
27%
LB Tyler Matakevich
27%
OL Cody Ford
25%
DL Star Lotulelei
25%
DL Vernon Butler
25%
WR Marquez Stevenson
23%
CB Levi
20%
LB Tyrel Dodson
20%
DL Efe Obada
14%
DL Justin Zimmer
11%
RB Taiwan Jones
11%
OL Ike Boetter
2%
No matching quizzes found
Score Distribution
Percent of People with Each Score
Percentile by Number Answered
Your Score History
You have not taken this quiz since the last reset